header

The primary decision (Record no. 22544)

MARC details
000 -LEADER
fixed length control field 01410nam a22003374a 4500
082 04 - DEWEY DECIMAL CLASSIFICATION NUMBER
Classification number 324.273/0154
245 04 - TITLE STATEMENT
Title The primary decision
260 ## - PUBLICATION, DISTRIBUTION, ETC. (IMPRINT)
Place of publication Westport, Conn. :
Name of publisher Praeger,
Year of publication 2002.
300 ## - PHYSICAL DESCRIPTION
Number of Pages xiii, 152 p.
490 1# - SERIES STATEMENT
Series statement Praeger series in political communication,
650 #0 - SUBJECT ADDED ENTRY--TOPICAL TERM
Topical Term Primaries
Topical Term Campaign debates
Topical Term Presidents
700 1# - ADDED ENTRY--PERSONAL NAME
Personal name Benoit, William L.
856 40 - ELECTRONIC LOCATION AND ACCESS
Uniform Resource Identifier http://site.ebrary.com/lib/rucke/Doc?id=10023119

No items available.

© 2026 Rongo University
Contact us: librarian | system librarian | Rongo university